00617nam a22002177a 450000500170000001000260001702000120004302000120005503500130006703500140008003700090009408200110010324500870011426000460020127000370024730000240028430000270030849000080033565000250034370000310036820250729123027.0 aENG-101356 ENG-146237 c1000.00 c3600.00 aEN-84889 aEN-129769 bDBAD a463.03 aThe Modern Bengali Dictionary for Non Bengali Readers /cedited by Pabitra Sarkar  aKolkata bThe Asiatic Society c2009,2024 a1 Park Street bKolkata e700016 a4 V(407p)c25cm(Hb) a707p.(Vol 6)c25cm(Hb) v4,6 aDictionary, Bengali  aSarkar Pabitra eCompiled